000 00522nam a2200181Ia 4500
005 20250508162135.0
008 008 250505s9999 xx 000 0 eng d
037 _aTextual
040 _aFEDL
_beng
_cFEDL
041 _aeng
_2eng
084 _a371.39, PAN
_qFEDL
100 _aPangotra Narendra Nath
_9772409
245 0 _aFundamentals of educational technology
260 _aChandigarh, India
_bInternational Publishers
300 _a103p.
942 _cTEXL
_h371.39, PAN
999 _c1374616
_d1374616